|
|
|
|
| LEADER |
02230nam a2200577 i 4500 |
| 001 |
nkc20223429563 |
| 003 |
CZ PrNK |
| 005 |
20250113090701.0 |
| 007 |
ta |
| 008 |
220623s2022 xr a e 000 0dcze |
| 015 |
|
|
|a cnb003429563
|
| 020 |
|
|
|a 978-80-7485-252-7
|q (Books & Pipes ;
|q brožováno) :
|c Kč 329,00
|
| 035 |
|
|
|a (OCoLC)1344359530
|
| 040 |
|
|
|a BOA001
|b cze
|d ABA001
|e rda
|
| 043 |
|
|
|a e-xr---
|
| 045 |
|
|
|a x8x9
|
| 072 |
|
7 |
|a 77
|x Fotografie. Fotografické postupy
|2 Konspekt
|9 21
|
| 080 |
|
|
|a 77.03/.08-027.562
|2 MRF
|
| 080 |
|
|
|a 77.04
|2 MRF
|
| 080 |
|
|
|a 77.03
|2 MRF
|
| 080 |
|
|
|a (437.3)
|2 MRF
|
| 080 |
|
|
|a (084.12)
|2 MRF
|
| 100 |
1 |
|
|a Šešulka, Pavel,
|d 1945-
|7 ola200206315
|4 pht
|
| 245 |
1 |
0 |
|a Pavel Šešulka :
|b fotografie /
|c text Petr Klimpl
|
| 250 |
|
|
|a První vydání
|
| 264 |
|
1 |
|a Brno :
|b ve spolupráci s Petrem Danielem vydalo Books & Pipes,
|c 2022
|
| 300 |
|
|
|a 124 stran :
|b ilustrace ;
|c 25 cm
|
| 336 |
|
|
|a text
|b txt
|2 rdacontent
|
| 336 |
|
|
|a statický obraz
|b sti
|2 rdacontent
|
| 337 |
|
|
|a bez média
|b n
|2 rdamedia
|
| 338 |
|
|
|a svazek
|b nc
|2 rdacarrier
|
| 504 |
|
|
|a Obsahuje bibliografické odkazy
|
| 600 |
1 |
7 |
|a Šešulka, Pavel,
|d 1945-
|7 ola200206315
|2 czenas
|
| 648 |
|
7 |
|a 20. století
|7 ch460558
|2 czenas
|
| 650 |
0 |
7 |
|a amatérská fotografie
|7 ph205075
|z Česko
|y 20. století
|2 czenas
|
| 650 |
0 |
7 |
|a umělecká fotografie
|7 ph126879
|z Česko
|y 20. století
|2 czenas
|
| 650 |
0 |
7 |
|a dokumentární fotografie
|7 ph119534
|z Česko
|y 20. století
|2 czenas
|
| 650 |
0 |
9 |
|a amateur photography
|z Czechia
|y 20th century
|2 eczenas
|
| 650 |
0 |
9 |
|a artistic photography
|z Czechia
|y 20th century
|2 eczenas
|
| 650 |
0 |
9 |
|a documentary photography
|z Czechia
|y 20th century
|2 eczenas
|
| 655 |
|
7 |
|a fotografické publikace
|7 fd132276
|2 czenas
|
| 655 |
|
9 |
|a photographical works
|2 eczenas
|
| 700 |
1 |
|
|a Klimpl, Petr,
|d 1956-
|7 jn20000728288
|4 aut
|
| 910 |
2 |
|
|a BOA001
|b 2-1490.347
|
| 928 |
9 |
|
|a Petr Daniel
|
| 928 |
9 |
|
|a Books & Pipes
|
| 990 |
|
|
|a BK
|
| 995 |
|
|
|a 01
|
| 991 |
|
|
|b 202207
|c NOV
|
| 996 |
6 |
|
|b 2610908555
|c 2-1490.347
|l MZK
|r Sklad / do 1 hodiny
|n 0
|p p.v.
|w 001893233
|u 000010
|a 1
|e BOA001
|j MZK50
|s P
|
| 996 |
7 |
|
|b 2610908556
|c 2-1490.347
|l MZK
|r Sklad / do 1 hodiny
|n 0
|p p.v.
|w 001893233
|u 000020
|a 1
|e BOA001
|j MZK50
|s A
|